jakie państwa popierają rosje - geomex - Statystyki

Ogólne statystyki
  • Ten quiz został rozwiązany 529 razy
  • Średni wynik to 3 z 7
Statystyki odpowiedzi
Hint Odpowiedź % Poprawnych
azja chiny
89%
europa białoruś
86%
azja korea północna
78%
Ameryka Północna kuba
32%
Ameryka Południowa wenezuela
32%
europa niemcy
17%
Ameryka Północna nikaragua
14%
Nie znaleziono quizów pasujących do podanych kryteriów
Rozkład punktacji
Procent ludzi z każdym wynikiem
Percentyl według liczby udzielonych odpowiedzi
Twoja historia wyników
Nie rozwiązałeś tego quizu